Statistics for All BFDI Alliances

Click here to take the quiz!

General Stats

  • This quiz has been taken 108 times
  • The average score is 14 of 17

Answer Stats

AllianceCharacter% Correct
FreeSmartBubble
100%
FreeSmartMatch
100%
FreeSmartPencil
99%
Pin and LeafyPin
99%
FreeSmartBook
97%
Newbie AllianceGelatin
96%
FreeSmartIce Cube
96%
Pin and LeafyLeafy
96%
Newbie AllianceLeafy
96%
FreeSmartRuby
96%
Newbie AllianceLollipop
94%
Newbie AllianceTeardrop
92%
Newbie AllianceFlower
85%
GB and TBGolf Ball
48%
GB and TBTennis Ball
48%
Fries and PuffballFries
27%
Fries and PuffballPuffball
25%

Score Distribution

Percentile by Number Answered

Percent of People with Each Score

Your Score History

You have not taken this quiz